| 000 | 04374nam a22005057a 4500 | ||
|---|---|---|---|
| 005 | 2009051907587.0 | ||
| 008 | 081120t xxu||||| |||| 00| 0 eng d | ||
| 010 | _aENG-93603 | ||
| 020 |
_a9788120337008 _c225.00 |
||
| 035 | _aEN-77136 | ||
| 035 | _aB-361161-178 | ||
| 037 | _bDBAD / PUB | ||
| 037 | _bAsian Books | ||
| 040 |
_adpl _bEnglish |
||
| 082 | _a624 | ||
| 100 | _aShesha Prakash | ||
| 245 |
_aElements of civil engineering and engineering mechanics / _cby Shesha Prakash [and] Ganesh B. Mogaveer |
||
| 260 |
_aNew Delhi _bPHI Learning _c2009 |
||
| 270 |
_aM-97, Connaught Circus, _bNew Delhi _e110001 |
||
| 300 |
_avii, 280p. _c25cm(pbk) _eCD-ROM |
||
| 500 | _aIncludes index | ||
| 650 | _aCivil engineering | ||
| 700 | _aMogaveer, Ganesh B. | ||
| 942 |
_2ddc _cEN _mSHE _h624 |
||
| 999 |
_c26565 _d26565 |
||